000 01066nam0a2200289 4500
001 RU\NLR\BIBL_A\022334863
005 20250625193943.0
010 _91000
035 _a(NLR Aleph) 022334863
090 _a13325498
_c13325498
100 _a20240926d1959 |||y0rusy50 ca
101 0 _aaze
102 _aAZ
105 _ay z 000 y
181 0 _ai
_baxxe
182 0 _an
200 1 _aСовет Иттифагы Коммунист Партиjасы китабхана иши һаггында
_eдәрс вәсаити
_fА. А. Хәләфов
_gССРИ Али тәһсил назирл. С. М. Киров адына АДУ гиjаби шө'бә
203 _aТекст
_bвизуальный
_cнепосредственный
210 _aБакы
_cАДУ
_d1959
215 _a37, [1] с.
_d22
541 1 _6z01790
_aКПСС о библиотечном деле
_zrus
700 1 _aХәләфов
_bА. А.
_4070
790 1 _6z01541
_aХалафов
_bА. А.
_4070
852 _aNLR
_bОНЛ
_jАзерб./3-5995
942 _cBOOK
980 _aNB